| 000 | 00646nam a2200241Ia 4500 | ||
|---|---|---|---|
| 003 | OSt | ||
| 005 | 20220912152021.0 | ||
| 006 | a|||||r|||| 00| 0 | ||
| 007 | ta | ||
| 008 | 220909b |||||||| |||| 00| 0 eng d | ||
| 024 | _a62061 | ||
| 037 | _cTextual | ||
| 040 |
_aCSL _beng _cCSL |
||
| 041 | _aeng | ||
| 082 | _aB0D, M0;1 TB | ||
| 100 | _aSpiegel Murray R | ||
| 245 | 0 | _aSchums outline of theory and problem of advanced mathematics for engineers and scientists | |
| 260 | _c1980 | ||
| 300 |
_ap. _ccm. |
||
| 650 | _aMathematics | ||
| 942 |
_hB0D, M0;1 TB _cTEXL _2CC |
||
| 999 |
_c79079 _d79079 |
||